Tilastot visalle 10 puhutuinta kieltä Euroopassa

Klikkaa tästä pelataksesi tätä visaa!

Yleistilastot

  • Tätä visaa on pelattu 3 293 kertaa
  • Keskiarvotulos 8 / 10

Vastaustilastot

Äidinkielisiä puhujiaKieli% Oikein
97 milsaksa
98%
63 milenglanti
98%
106 milvenäjä
97%
72 milranska
97%
38 milespanja
95%
65 militalia
91%
39 milpuola
77%
33 milukraina
58%
24 milromania
50%
22 milhollanti
43%

Tulosjakauma

Persentiili vastausten määrän mukaan

Jokaisen tuloksen saaneiden osuus

Tuloshistoriasi

Et ole pelannut tätä visaa